03063cam a2200517Ki 4500003000900000005001700009008004100026020003800067040004000105082002200145090002400167245015300191250002500344264004300369264001200412300004400424336002700468337002900495338002800524500016300552504004100715505057800756520045001334526001001784526001001794526001001804526001001814526000801824526000801832526000801840526000801848526000801856526000801864526000801872630007101880630006101951630006502012700003302077700004002110700005702150830005202207942001502259999001702274980011002291952014402401PE-LiUPU20250731173600.0160314s2016 mnu b 000 0 eng d a9781506415895 (pbk. : alk. paper) aYDXCPbengerdacPE-LiUPUdPE-LiUPU 223a226.048bG676 aBS2548.A5bG67 201604aThe Gospels and Acts :bFortress commentary on the bible study edition /ceditado por Margaret Aymer, Cynthia Briggs Kittredge y David A. Sánchez. aEdición de estudio 1aMinneapolis :bFortress Press,c[2016] 4c©2016. axxi, 363 páginas ;c24 centímetros. atextbtxt2rdacontent. aunmediatedbn2rdamedia. avolumebnc2rdacarrier. aOriginally published in 2014 as part of the two-volume series Fortress Commentary on the Bible. The series has now been broken down into eight study editions. aIncludes bibliographical references.0 aReading the Christian New Testament in the contemporary world / Kwok Pui-lan -- Negotiating the Jewish heritage of early Christianity / Lawrence M. Wills -- Rootlessness and community in contexts of diaspora / Margaret Aymer -- The apocalyptic legacy of early Christianity / David A. Sánchez -- Jesus and the Christian Gospels / Raymond Pickett -- Matthew / Warren Carter -- Mark / Raquel S. Lettsome -- Luke / Robert L. Brawley -- John / Adele Reinhartz -- Acts as a history of the early church / Demetrius K. Williams -- The Acts of the Apostles / Michael Beth Dinkler. a"This volume from Fortress Commentary on the Bible: New Testament includes commentary on Matthew through Acts, introductions to Jesus and the Gospels and Acts as a history of the early church, and general articles on reading the New Testament through the lenses of the contemporary world, the Jewish heritage of early Christianity, the ancient and modern contexts of diaspora, and the apocalyptic legacy of early Christianity."--Page 4 of cover. aSEG42 aSEG41 aSEG40 aSEG39 aP94 aP87 aP86 aP85 aP77 aP76 aP3514aBiblia.pNuevo TestamentoxCrítica, interpretación, etc.9124214aBiblia.pHechosxCrítica, interpretación, etc.9127524aBiblia.pEvangeliosxCrítica, interpretación, etc.917211 aAymer, Margaret P.,eeditor.1 aKittredge, Cynthia Briggs,eeditor.1 aSánchez, David A.q(David Arthur),d1960-eeditor. 0aFortress commentary on the Bible study edition. 2ddccBKn0 c62266d62265 618226aJaime Vilcazán Jefe de Análisis Documental81gALBERTO SANCHEZ Responsable de Automatización r2025-12-02 00:00:00l0o226.048 G676p75495te1v24.00w2023-12-26xFTyBK102ddc50708GENfP85aBULbBULcGENd2017-01-05eIVP academic